00798nam a2200193 a 4500008004100000020001500041050001300056110001500069245012200084260004000206300001500246350000900261650004600270650001000316650003900326995010100365999001700466952012100483071018s1998 ||||||||||||||||| || u a082134207X aIBRD(02) aWorld Bank10aImplementing the Ethiopian National policy for women: institutional and regulatory issuescThe Women's Affairs Office aWashington, D. C.bWorld Bankc1998 aviii, 82p. a0.00 aWOMEN--LEGAL STATUS, LAWS, ETC.--ETHIOPIA aWOMEN aWOMEN--GOVERNMENT POLICY--ETHIOPIA D0.00FCBU-MAIN LIBRARY (Kitwe)H1I0.00M1UAVAILABLEWOct 18, 2007ZAnnex Low-Usage Collection  c46440d46440 00102lcc4070a001b001cAnnex Low-Usage Collection d2022-11-30l0oIBRD(02)p021866r2022-11-30w2022-11-30y002